དཔལ་ལྡན་འབྲུག་པ་མཁན་ཆེན་ཁྲི་རབས་གསལ་བའི་མེ་ལོང་། (Record no. 3527)

MARC details
000 -LEADER
fixed length control field 00766nam a2200205 4500
001 - CONTROL NUMBER
control field 4278
005 - DATE AND TIME OF LATEST TRANSACTION
control field 20190813111023.0
008 - FIXED-LENGTH DATA ELEMENTS--GENERAL INFORMATION
fixed length control field 190813b ||||| |||| 00| 0 eng d
090 00 - LOCALLY ASSIGNED LC-TYPE CALL NUMBER (OCLC); LOCAL CALL NUMBER (RLIN)
Classification number (OCLC) (R) ; Classification number, CALL (RLIN) (NR) 244.3 T8823p 2011
100 ## - MAIN ENTRY--PERSONAL NAME
Personal name Tshering, Tendin.
245 00 - TITLE STATEMENT
Title དཔལ་ལྡན་འབྲུག་པ་མཁན་ཆེན་ཁྲི་རབས་གསལ་བའི་མེ་ལོང་།
Statement of responsibility, etc. Tandin Tshering.
260 00 - PUBLICATION, DISTRIBUTION, ETC.
Place of publication, distribution, etc. Thimphu :
Name of publisher, distributor, etc. n.p.,
Date of publication, distribution, etc. 2011.
300 00 - PHYSICAL DESCRIPTION
Extent 197 p. : col. ill. ; 28 cm.
500 ## - GENERAL NOTE
General note [History of Je khenpo in Bhutan].
General note In Dzongkha.
650 00 - SUBJECT ADDED ENTRY--TOPICAL TERM
Topical term or geographic name entry element Brug-pa lamas --Bhutan --Biography.
Topical term or geographic name entry element Brug-pa lamas --China --Tibet --Biography.
700 ## - ADDED ENTRY--PERSONAL NAME
Personal name Brag-phug Dge-bśes Dge-dun-rin-chen, 1926-
942 ## - ADDED ENTRY ELEMENTS (KOHA)
Source of classification or shelving scheme Dewey Decimal Classification
Koha item type Dzongkha
Holdings
Withdrawn status Lost status Source of classification or shelving scheme Damaged status Not for loan Collection code Home library Current library Shelving location Date acquired Serial Enumeration / chronology Inventory number Total Checkouts Total Renewals Full call number Barcode Checked out Date last seen Date last checked out Price effective from Koha item type
    Dewey Decimal Classification     Dzongkha RTC Library RTC Library Dzongkha 01/03/2021 6591 4 18 954.98 CHO 30007941 18/06/2024 04/01/2022 04/01/2022 27/11/2018 Dzongkha
Royal Thimphu College || All Right Reserved